000 00790nam a2200241Ia 4500
003 OSt
005 20220923224531.0
006 a|||||r|||| 00| 0
007 ta
008 220922b |||||||| |||| 00| 0 pan d
020 _c300
024 _a240,342
037 _b177, 24/10/2009, H.K. Prakashan
_cTextual
040 _aARTS
_cARTS
_bpan
041 _2pan
_apan
082 _aO153,2:g, P8
100 _aਰFਪਾਲ ਸਿੰਘ
_9168084
245 0 _aਪੰਜਾਬੀ ਨਾਟਕ
_b ਪਰੰਪਰਾਪ ਪ੍ਰਵਾਹ
260 _aਚੰਡੀਗੜ
_b ਲੋਕਗੀਤ ਪ੍ਰਕਾFਨ
_c2008
300 _a235ਪੰ
_ccm.
942 _hO153,2:g, P8
_cTEXL
_2CC
999 _c372035
_d372035